1748 1709 1931 1962 1166 1120 1346 1273 1957 1818 1704 1220 1221 1797 1770 1964 1638 1508 1153 1855 1305 1124 1388 1185 1860 1165 1310 1493 1745 1478 1017 1031 1114 1224 1008 1588 1054 1966 1110 1787 1154 1534 1337 1997 1316 1596 1917 1990 1165 1299 1293 1487 1599 1790 1604 1680 1528 1222 1240 1948 1694 1891 1170 1642 1094 1510 1828 1734 1450 1135 1099 1812 1029 1494 1253 1826 1986 1559 1596 1493 1141 1076 1000 1394 1334 1504 1345 1061 1349 1644 1998 1551 1185 1139 1310 1471 1635 1419 1359 BCNSPRNW ULIB Ver.6.0+V

เปลี่ยนเป็นภาษาไทย

Change to English
 แสดงรายละเอียดบรรณานุกรม
  กลับหน้าหลัก

Brief Record : Get Marc (ISO 2709) : E-mail record : QR code < ปิดหน้าต่าง
LEADER : 00000nam 2200000uu 4500
001    13399121665
003     ULIB
008    121129s||||||||th 000 0 tha d
060 04 ^aWC503^bส691ก
245 00 ^aคู่มือการให้การปรึกษาก่อนและหลังการตรวจหาเชื้อเอชไอวีและผู้ป่วยเอดส์ที่ได้รับยาต้านไวรัส/^cจัดทำโดย กระทรวงสาธารณสุข
650  4 ^aกลุ่มอาการภูมิคุ้มกันเสื่อม^xการให้คำปรึกษา
650  4 ^aเอดส์^xการให้คำปรึกษา
650  4 ^aเอดส์^xการตรวจหา^vคู่มือ
700 0  ^aอาคม วัฒนกุล
710 2  ^aสำนักพัฒนาสุขภาพจิต.^bกรมสุขภาพจิต
945    ^p0^l0^i13581
995    ^aกัณชพร
999    ^aกัณชพร
รายการนี้ยังไม่มีแท็ก
คุณยังไม่ได้ล็อกอิน คุณสามารถมีกิจกรรมร่วมกับเว็บไซต์ได้ แต่ต้องล็อกอินก่อน ::
  ล็อกอิน

รายการสื่อสารสนเทศ

ลำดับที่ ประเภท เลขเรียก/บาร์โค้ด สถานที่ สถานะ
1. วิทยาศาสตร์การแพทย์ และสุขภาพ
วิทยาศาสตร์การแพทย์ และสุขภาพ
WC503 ส691ก  
  Barcode: 13581
ห้องสมุดวิทยาเขตสวรรค์ประชารักษ์
►หนังสือทั่วไป
บนชั้น

BibComment


ยังไม่เคยถูกคอมเมนท์

คอมเมนท์ทรัพยากรรายการนี้
  คอมเมนท์: คู่มือการให้การป..


 Copyright 2026. Bcnsprnw @Library